[Event "XI Festival A"]
[Site "Verona ITA"]
[Date "2005.01.02"]
[Round "1"]
[White "Astengo, Corrado"]
[Black "Trabert, Bettina"]
[Result "0-1"]
[WhiteElo "2139"]
[BlackElo "2357"]
[PlyCount "96"]
[EventDate "2005.01.02"]

1. e4 e5 2. Nf3 Nc6 3. Bb5 a6 4. Ba4 Nf6 5. Qe2 Be7 6. Bxc6 dxc6 7. Nxe5 Qd4 8.
Nf3 Qxe4 9. Qxe4 Nxe4 10. d3 Nd6 11. O-O O-O 12. Nc3 h6 13. Re1 Re8 14. Bf4 g5
15. Be5 f6 16. Bg3 Kf7 17. Nd4 Bd7 18. Nb3 b6 19. Ne4 f5 20. Nxd6+ cxd6 21. f3
c5 22. Nd2 b5 23. Nb1 Bc6 24. Nc3 b4 25. Ne2 f4 26. Bf2 Bf6 27. Rab1 Re7 28. c3
a5 29. c4 Bd7 30. d4 Rae8 31. Kf1 cxd4 32. Nxd4 Rxe1+ 33. Rxe1 Rxe1+ 34. Kxe1
h5 35. b3 Ke7 36. Nc2 Bf5 37. Kd2 Bc3+ 38. Kd1 Bd3 39. Bb6 a4 40. Ba5 axb3 41.
axb3 Bf1 42. Nd4 Kd7 43. Nc6 Bf6 44. Nxb4 Bxg2 45. Ke2 g4 46. fxg4 f3+ 47. Kf2
Bd4+ 48. Kg3 h4+ 0-1

[Event "XI Festival A"]
[Site "Verona ITA"]
[Date "2005.01.02"]
[Round "1"]
[White "Brunello, Sabino"]
[Black "Santurbano, Maria Vincenza"]
[Result "1-0"]
[WhiteElo "2268"]
[BlackElo "1984"]
[PlyCount "53"]
[EventDate "2005.01.02"]

1. e4 c5 2. Nf3 d6 3. d4 cxd4 4. Nxd4 Nf6 5. Nc3 a6 6. Be3 Qc7 7. Qd2 e5 8. Nb3
Be6 9. f3 Nbd7 10. g4 Nc5 11. O-O-O Nxb3+ 12. axb3 Be7 13. h4 Rc8 14. Rh2 Qa5
15. Kb1 Nd7 16. Qf2 O-O 17. Nd5 Bd8 18. Bc4 Bxd5 19. Rxd5 Qc7 20. Rd1 b5 21.
Bf1 Be7 22. Bh3 Nc5 23. g5 Ra8 24. h5 a5 25. g6 fxg6 26. hxg6 Nxe4 27. Be6+ 1-0

[Event "XI Festival A"]
[Site "Verona ITA"]
[Date "2005.01.02"]
[Round "1"]
[White "Bruno, Fabio"]
[Black "Opacic, Alexandar"]
[Result "1-0"]
[WhiteElo "2379"]
[BlackElo "2140"]
[PlyCount "25"]
[EventDate "2005.01.02"]

1. d4 d5 2. Nf3 Nf6 3. Bf4 e6 4. e3 Be7 5. Bd3 c5 6. c3 Nc6 7. Nbd2 O-O 8. h4
Ng4 9. Bxh7+ Kxh7 10. Ng5+ Bxg5 11. hxg5+ Kg6 12. Qxg4 Rh8 13. Rh6+ 1-0

[Event "XI Festival A"]
[Site "Verona ITA"]
[Date "2005.01.02"]
[Round "1"]
[White "Capitelli, Paolo"]
[Black "Martinez, Rolly"]
[Result "0-1"]
[WhiteElo "2161"]
[BlackElo "2416"]
[PlyCount "110"]
[EventDate "2005.01.02"]

1. e4 c5 2. Nf3 Nc6 3. d4 cxd4 4. Nxd4 e5 5. Nb5 d6 6. c4 a6 7. N5a3 Nf6 8. Nc3
Be7 9. Be2 O-O 10. Be3 Be6 11. O-O Rc8 12. f3 Nb8 13. Nd5 Nbd7 14. Qd2 Bxd5 15.
cxd5 Qc7 16. Rac1 Qb8 17. Rxc8 Rxc8 18. Rc1 Bd8 19. Rxc8 Qxc8 20. Qc1 Qxc1+ 21.
Bxc1 Kf8 22. Nc4 Ke7 23. Bd2 b5 24. Ne3 Bb6 25. b4 Ne8 26. Kf1 g6 27. a4 bxa4
28. Bxa6 Nc7 29. Bd3 Bd4 30. Nc4 Nb5 31. Na5 Nc3 32. Nc6+ Ke8 33. Nxd4 exd4 34.
Ke1 a3 35. Bc1 a2 36. Bb2 Ne5 37. Kd2 g5 38. Ba6 g4 39. fxg4 Nxg4 40. Kd3 Ne3
41. Bc4 Nxc4 42. Kxc4 Nb5 43. Kd3 Ke7 44. Kc2 Kf6 45. Kd3 Ke5 46. g3 Kf6 47.
Kc4 Kg6 48. Kd3 h5 49. h3 h4 50. g4 Kg5 51. Bc1+ Kf6 52. Bb2 Ke5 53. Ba1 Kf4
54. Kc4 Ke3 55. Bb2 d3 0-1

[Event "XI Festival A"]
[Site "Verona ITA"]
[Date "2005.01.02"]
[Round "1"]
[White "Cocchi, Andrea"]
[Black "Padovani, Alessio"]
[Result "1-0"]
[WhiteElo "2290"]
[BlackElo "2091"]
[PlyCount "99"]
[EventDate "2005.01.02"]

1. Nf3 f5 2. c4 e6 3. g3 Nf6 4. Bg2 Be7 5. O-O O-O 6. b3 c6 7. Bb2 d6 8. d4 d5
9. Nc3 Ne4 10. Ne5 Nd7 11. Nd3 Nxc3 12. Bxc3 Nf6 13. Qc1 Qe8 14. f3 Kh8 15. Qd2
Bd7 16. Rae1 Rd8 17. e3 Bc8 18. Ne5 Nd7 19. Nd3 Nf6 20. Rf2 Bd6 21. Bb4 Bxb4
22. Qxb4 Kg8 23. Qa5 a6 24. Qc7 Qd7 25. Qb6 Rde8 26. Nc5 Qd8 27. Qb4 Qe7 28.
Rfe2 Qc7 29. Nd3 Qe7 30. Qc3 Qd8 31. a4 Re7 32. Qb4 Rfe8 33. Nc5 Qc7 34. Nd3
Qd8 35. Qc3 Qc7 36. b4 g5 37. e4 h6 38. Ne5 Kg7 39. Kh1 Nd7 40. exf5 Nxe5 41.
Rxe5 exf5 42. cxd5 Kf6 43. f4 Bd7 44. dxc6 bxc6 45. Rxe7 Rxe7 46. d5+ Kf7 47.
Rxe7+ Kxe7 48. dxc6 Be6 49. Qg7+ Bf7 50. Bd5 1-0

[Event "XI Festival A"]
[Site "Verona ITA"]
[Date "2005.01.02"]
[Round "1"]
[White "D'Innocente, Stefano"]
[Black "Perryman, Marcus"]
[Result "1-0"]
[WhiteElo "2280"]
[BlackElo "2077"]
[PlyCount "87"]
[EventDate "2005.01.02"]

1. e4 c5 2. Nf3 d6 3. d4 cxd4 4. Nxd4 Nf6 5. f3 a6 6. c4 g6 7. Nc3 Bg7 8. Be3
O-O 9. Be2 Nc6 10. O-O Bd7 11. Qd2 Rc8 12. Rfd1 Nxd4 13. Bxd4 Bc6 14. b4 b6 15.
a4 Bb7 16. a5 bxa5 17. Rxa5 Nd7 18. Nd5 Bxd5 19. cxd5 Bxd4+ 20. Qxd4 Qb6 21.
Qxb6 Nxb6 22. Rxa6 Nc4 23. b5 Ne5 24. Ra2 Rc3 25. Rb1 Rfc8 26. Kf2 Rc2 27. Rxc2
Rxc2 28. b6 Rc8 29. Bb5 Rb8 30. f4 Ng4+ 31. Kg3 Nf6 32. Bd3 Nd7 33. Kf3 Rxb6
34. Rxb6 Nxb6 35. Ke3 Nd7 36. Kd4 Nc5 37. Bc2 Kg7 38. Kc4 Kf6 39. e5+ Kg7 40.
Kb5 dxe5 41. Kxc5 exf4 42. Kc6 Kf6 43. Kd7 h5 44. h4 1-0

[Event "XI Festival A"]
[Site "Verona ITA"]
[Date "2005.01.02"]
[Round "1"]
[White "Danieli, Enrico"]
[Black "Borgo, Giulio"]
[Result "0-1"]
[WhiteElo "2150"]
[BlackElo "2381"]
[PlyCount "90"]
[EventDate "2005.01.02"]

1. d4 d5 2. Nf3 Nf6 3. Bf4 c5 4. e3 Qb6 5. Nc3 a6 6. Rb1 Bg4 7. Be2 Nc6 8. O-O
cxd4 9. exd4 e6 10. Ne5 Bf5 11. Nxc6 Qxc6 12. Bd3 Bg6 13. Bxg6 hxg6 14. Qd3 Rc8
15. Rbc1 Bd6 16. Ne2 g5 17. Bxd6 Qxd6 18. Qg3 Ne4 19. Qxd6 Nxd6 20. c3 Ke7 21.
Rce1 Nc4 22. f4 Nd2 23. Rf2 Ne4 24. Rf3 gxf4 25. Nxf4 Rh6 26. Ree3 g5 27. Nd3
Rch8 28. Rh3 Rxh3 29. gxh3 b6 30. Kg2 a5 31. Ne5 Rc8 32. Rf3 f6 33. Nd3 Rh8 34.
Nf2 Nd2 35. Re3 Nc4 36. Re2 Rh4 37. Kg3 Nd6 38. Kg2 Rf4 39. Kg3 Nf5+ 40. Kg2
Nh4+ 41. Kg1 Rf3 42. Rd2 Re3 43. Rd1 Re2 44. Rb1 Nf3+ 45. Kf1 Rc2 0-1

[Event "XI Festival A"]
[Site "Verona ITA"]
[Date "2005.01.02"]
[Round "1"]
[White "Esposito, Luca"]
[Black "Lazic, Miroljub"]
[Result "0-1"]
[WhiteElo "2212"]
[BlackElo "2517"]
[PlyCount "72"]
[EventDate "2005.01.02"]

1. d4 d5 2. c4 e6 3. Nc3 c6 4. e4 dxe4 5. Nxe4 Bb4+ 6. Bd2 Qxd4 7. Bxb4 Qxe4+
8. Be2 Nd7 9. Nf3 c5 10. Bc3 Ngf6 11. Qd6 a5 12. Rd1 Ra6 13. Qd2 O-O 14. O-O b6
15. Ng5 Qg6 16. Bd3 Qh5 17. f4 Bb7 18. Bxh7+ Nxh7 19. Qxd7 Ba8 20. Nxh7 Qxh7
21. Rd3 Ra7 22. Qd6 Qf5 23. Rg3 f6 24. Qxb6 Rd7 25. Qxa5 Rfd8 26. b4 Rd1 27.
Qxc5 Rxf1+ 28. Kxf1 Qxf4+ 29. Ke2 Qe4+ 30. Qe3 Qxc4+ 31. Ke1 Qxa2 32. Rxg7+
Kxg7 33. Qg5+ Kf7 34. Qxf6+ Ke8 35. Qg6+ Kd7 36. Be5 Kc8 0-1

[Event "XI Festival A"]
[Site "Verona ITA"]
[Date "2005.01.02"]
[Round "1"]
[White "Guglielmi, Dante"]
[Black "De Santis, Alessio"]
[Result "1-0"]
[WhiteElo "2113"]
[BlackElo "2293"]
[PlyCount "61"]
[EventDate "2005.01.02"]

1. c4 f5 2. Nc3 Nf6 3. d4 g6 4. g3 Bg7 5. Bg2 d6 6. e3 a5 7. Nge2 e6 8. O-O O-O
9. d5 Qe8 10. Nd4 c5 11. dxc6 bxc6 12. Ndb5 cxb5 13. Bxa8 bxc4 14. Qxd6 Ba6 15.
Rd1 g5 16. Nd5 Ne4 17. Qb6 Qh5 18. Ne7+ Kh8 19. Rd8 Nd7 20. Rxf8+ Bxf8 21. Qxe6
Bxe7 22. Qxd7 c3 23. Bxe4 fxe4 24. bxc3 Bd3 25. g4 Qh3 26. Qe8+ Kg7 27. Qxe7+
Kg8 28. Qe6+ Kg7 29. Ba3 h5 30. Qe5+ Kf7 31. Qg3 1-0

[Event "XI Festival A"]
[Site "Verona ITA"]
[Date "2005.01.02"]
[Round "1"]
[White "Guido, Flavio"]
[Black "Masullo, Andrea"]
[Result "1/2-1/2"]
[WhiteElo "2342"]
[BlackElo "2133"]
[PlyCount "61"]
[EventDate "2005.01.02"]

1. e4 c5 2. c3 Nf6 3. e5 Nd5 4. d4 cxd4 5. Nf3 e6 6. cxd4 d6 7. Bc4 Nb6 8. Bb3
Nc6 9. O-O dxe5 10. dxe5 Qxd1 11. Rxd1 Na5 12. Bc2 Bd7 13. Nc3 Bb4 14. Ne4 O-O
15. Be3 Nd5 16. Bc5 Bxc5 17. Nxc5 Bc6 18. Nd4 b6 19. Nxc6 Nxc6 20. Nd3 Rad8 21.
Kf1 h6 22. Rac1 Ncb4 23. Nxb4 Nxb4 24. Bb1 Rxd1+ 25. Rxd1 Nd5 26. Be4 Rd8 27.
Bxd5 exd5 28. Ke2 Kf8 29. Ke3 Ke7 30. Kd4 Rc8 31. Rd2 1/2-1/2

[Event "XI Festival A"]
[Site "Verona ITA"]
[Date "2005.01.02"]
[Round "1"]
[White "Luther, Thomas"]
[Black "Caruso, Augusto"]
[Result "0-1"]
[WhiteElo "2543"]
[BlackElo "2214"]
[PlyCount "68"]
[EventDate "2005.01.02"]

1. e4 e5 2. Nf3 Nc6 3. Bb5 f5 4. Nc3 fxe4 5. Nxe4 Nf6 6. Qe2 d5 7. Nxf6+ gxf6
8. d4 Bg7 9. dxe5 O-O 10. Bxc6 bxc6 11. e6 Re8 12. Be3 Bxe6 13. O-O-O Qd6 14.
Qd2 c5 15. Bh6 d4 16. Bxg7 Kxg7 17. Nh4 Qd5 18. b3 a5 19. Rhg1 a4 20. g4 axb3
21. cxb3 c4 22. g5 cxb3 23. gxf6+ Kf7 24. Rg7+ Kf8 25. Rxc7 b2+ 26. Qxb2 Qg5+
27. Qd2 Qxh4 28. Qxd4 Qxd4 29. Rxd4 Rxa2 30. Rxh7 Bg8 31. Rg7 Rc8+ 32. Kb1 Rxf2
33. Rdd7 Ba2+ 34. Ka1 Rc1# 0-1

[Event "XI Festival A"]
[Site "Verona ITA"]
[Date "2005.01.02"]
[Round "1"]
[White "Miatello, Alberto"]
[Black "Buchicchio, Giampaolo"]
[Result "0-1"]
[WhiteElo "2080"]
[BlackElo "2288"]
[PlyCount "68"]
[EventDate "2005.01.02"]

1. e4 c5 2. Nf3 Nc6 3. d4 cxd4 4. Nxd4 Nf6 5. Nc3 e5 6. Ndb5 d6 7. Nd5 Nxd5 8.
exd5 Nb8 9. c4 a6 10. Qa4 Bd7 11. Qa3 Bf5 12. Bd2 h5 13. c5 dxc5 14. d6 Bxd6
15. Nxd6+ Qxd6 16. Be3 Nd7 17. Bb5 b6 18. Rd1 Qc7 19. Qa4 Ra7 20. Bxa6 b5 21.
Qxb5 O-O 22. O-O Rfa8 23. b4 Rxa6 24. bxc5 Ra5 25. Qe2 Nxc5 26. Qxh5 Bg6 27.
Qg4 Nd3 28. h4 e4 29. Rd2 Qd6 30. Rc1 f5 31. Qg5 f4 32. Bxf4 Qxf4 33. Qxg6 Qxd2
34. Rc7 Qxf2+ 0-1

[Event "XI Festival A"]
[Site "Verona ITA"]
[Date "2005.01.02"]
[Round "1"]
[White "Mrdja, Milan"]
[Black "Delizia, Costantino"]
[Result "1/2-1/2"]
[WhiteElo "2395"]
[BlackElo "2152"]
[PlyCount "43"]
[EventDate "2005.01.02"]

1. e4 e6 2. d4 d5 3. Nc3 Bb4 4. e5 c5 5. a3 Bxc3+ 6. bxc3 Ne7 7. Qg4 Qc7 8.
Qxg7 Rg8 9. Qxh7 cxd4 10. Ne2 Nbc6 11. f4 Bd7 12. Rb1 dxc3 13. Qd3 O-O-O 14.
Nxc3 Na5 15. Ne2 Nec6 16. Nd4 Nxd4 17. Qxd4 Qxc2 18. Qb4 Bc6 19. Bd2 Nc4 20.
Rc1 Qe4+ 21. Kf2 Qd4+ 22. Ke1 1/2-1/2

[Event "XI Festival A"]
[Site "Verona ITA"]
[Date "2005.01.02"]
[Round "1"]
[White "Ortega, Lexy"]
[Black "Lettieri, Giuseppe"]
[Result "0-1"]
[WhiteElo "2445"]
[BlackElo "2202"]
[PlyCount "74"]
[EventDate "2005.01.02"]

1. d4 Nf6 2. Nf3 b6 3. Bf4 Bb7 4. e3 e6 5. Nbd2 Be7 6. c3 c5 7. Nc4 d5 8. Bxb8
Rxb8 9. Qa4+ Qd7 10. Nxb6 Qxa4 11. Nxa4 Bc6 12. Nxc5 Bxc5 13. dxc5 Rxb2 14. Nd4
Ba4 15. Ba6 Ne4 16. c6 Kd8 17. O-O Kc7 18. c4 Nc5 19. Bb5 dxc4 20. Bxc4 Bxc6
21. Rfc1 Kb6 22. Rab1 Rxb1 23. Rxb1+ Kc7 24. f3 Rd8 25. Kf2 a6 26. Ke2 Bd5 27.
Rc1 Kb6 28. Bxd5 Rxd5 29. Rc4 e5 30. Rb4+ Kc7 31. Nf5 g6 32. e4 Rd7 33. Ne3 Kc6
34. Rb8 Rb7 35. Rc8+ Rc7 36. Re8 Ne6 37. Nc4 Kd7 0-1

[Event "XI Festival A"]
[Site "Verona ITA"]
[Date "2005.01.02"]
[Round "1"]
[White "Pechy, Alaster"]
[Black "Skembris, Spyridon"]
[Result "0-1"]
[WhiteElo "2176"]
[BlackElo "2445"]
[PlyCount "69"]
[EventDate "2005.01.02"]

1. d4 c5 2. d5 e5 3. c4 d6 4. Nc3 f5 5. e4 Nf6 6. Bd3 g6 7. Nf3 Bg7 8. Qc2 Na6
9. a3 Qe7 10. Rb1 O-O 11. b4 b6 12. O-O f4 13. Nd2 g5 14. f3 g4 15. bxc5 Nxc5
16. Nb3 Nxd3 17. Qxd3 Kh8 18. Kf2 Rg8 19. Ke1 Bf8 20. Kd1 gxf3 21. gxf3 Bh3 22.
Rf2 Rc8 23. Kc2 Qc7 24. Nd2 a6 25. a4 Nd7 26. Ba3 Be7 27. Re2 Nc5 28. Bxc5 Qxc5
29. Nb3 Qc7 30. c5 bxc5 31. Qxa6 Ra8 32. Qc4 Bd7 33. Nb5 Qc8 34. Ra1 Qa6 35.
Kc3 0-1

[Event "XI Festival A"]
[Site "Verona ITA"]
[Date "2005.01.02"]
[Round "1"]
[White "Petraki, Maria"]
[Black "Shytaj, Luca"]
[Result "0-1"]
[WhiteElo "2128"]
[BlackElo "2341"]
[PlyCount "68"]
[EventDate "2005.01.02"]

1. e4 c5 2. Nc3 d6 3. Bb5+ Nd7 4. f4 a6 5. Bxd7+ Bxd7 6. a4 b5 7. d3 g6 8. Nf3
Bg7 9. O-O e6 10. Qe1 b4 11. Ne2 Ne7 12. c3 bxc3 13. bxc3 Bc6 14. Ng3 O-O 15.
d4 cxd4 16. Nxd4 Bb7 17. f5 exf5 18. exf5 Nd5 19. fxg6 fxg6 20. Qe6+ Kh8 21.
Rxf8+ Qxf8 22. Bb2 Re8 23. Qd7 Re7 24. Qg4 Ne3 25. Qe2 Nxg2 26. Rf1 Qe8 27. Qf2
Ne3 28. Re1 Ng4 29. Rxe7 Qxe7 30. Qe2 Qxe2 31. Ngxe2 Be5 32. h3 Ne3 33. Bc1 Nd5
34. Bd2 Nb6 0-1

[Event "XI Festival A"]
[Site "Verona ITA"]
[Date "2005.01.02"]
[Round "1"]
[White "Salvador, Roland"]
[Black "Bertani, Gianfranco"]
[Result "1-0"]
[WhiteElo "2340"]
[BlackElo "2123"]
[PlyCount "39"]
[EventDate "2005.01.02"]

1. d4 f5 2. Bg5 h6 3. Bh4 g5 4. e4 Bg7 5. Bg3 f4 6. Bxf4 gxf4 7. Qh5+ Kf8 8.
Qf5+ Ke8 9. Be2 h5 10. Bxh5+ Rxh5 11. Qxh5+ Kf8 12. Qf5+ Ke8 13. Nh3 Nh6 14.
Qh7 Kf8 15. Nxf4 c6 16. Nd2 Qa5 17. h4 d6 18. c3 Ng4 19. Nf3 Nf6 20. Qg6 1-0

[Event "XI Festival A"]
[Site "Verona ITA"]
[Date "2005.01.02"]
[Round "1"]
[White "Sbarra, Marco"]
[Black "Horvath, Jozsef"]
[Result "0-1"]
[WhiteElo "2204"]
[BlackElo "2514"]
[PlyCount "92"]
[EventDate "2005.01.02"]

1. d4 Nf6 2. c4 g6 3. Nc3 d5 4. e3 Bg7 5. Nf3 O-O 6. Be2 c5 7. O-O cxd4 8. exd4
Nc6 9. Bg5 Be6 10. cxd5 Nxd5 11. Qd2 Qb6 12. Bh6 Rfd8 13. Bxg7 Kxg7 14. Rad1
Nf6 15. Rfe1 Rd6 16. Bb5 Nb4 17. Ng5 Nxa2 18. Nxe6+ Rxe6 19. Rxe6 Qxe6 20. Nxa2
Qxa2 21. Qb4 Qd5 22. Be2 a5 23. Qc3 Ra6 24. Bf3 Qd7 25. Ra1 e6 26. Qb3 Qxd4 27.
Qxb7 Rb6 28. Qa7 e5 29. Qxa5 Rxb2 30. Rf1 e4 31. Bd1 e3 32. fxe3 Qxe3+ 33. Kh1
Rf2 34. Re1 Qf4 35. Kg1 Qd4 36. Qe5 Qd2 37. Bf3 h5 38. h4 Qc2 39. Be4 Qa2 40.
Bf3 Rd2 41. Rc1 Qa7+ 42. Qc5 Qb8 43. Qc7 Qb4 44. Rc4 Qb2 45. Qf4 Ng4 46. Qc7
Rxg2+ 0-1

[Event "XI Festival A"]
[Site "Verona ITA"]
[Date "2005.01.02"]
[Round "1"]
[White "Schiraldi, Mauro"]
[Black "Vocaturo, Daniele"]
[Result "0-1"]
[WhiteElo "2055"]
[BlackElo "2276"]
[PlyCount "55"]
[EventDate "2005.01.02"]

1. d4 Nf6 2. Nf3 g6 3. c4 Bg7 4. Nc3 O-O 5. e4 d6 6. Be2 e5 7. dxe5 dxe5 8.
Qxd8 Rxd8 9. Bg5 c6 10. h3 Na6 11. Nd2 Nc5 12. O-O-O Ne6 13. Be3 Nd4 14. Rhe1
Be6 15. b3 Bf8 16. Kb2 Bb4 17. Bf1 Kg7 18. a3 Be7 19. g3 Nd7 20. Ne2 Nc5 21.
Nc3 a5 22. Ra1 Na6 23. Red1 Rd7 24. Bg2 Rad8 25. h4 Bc5 26. Bxd4 Bxd4 27. f3 b5
28. cxb5 0-1

[Event "XI Festival A"]
[Site "Verona ITA"]
[Date "2005.01.02"]
[Round "1"]
[White "Stojanovic, Mihajlo"]
[Black "Scharrer, Patrick"]
[Result "1-0"]
[WhiteElo "2515"]
[BlackElo "2206"]
[PlyCount "57"]
[EventDate "2005.01.02"]

1. Nf3 Nf6 2. c4 g6 3. Nc3 Bg7 4. e4 d6 5. d4 O-O 6. Be2 e5 7. Be3 Na6 8. O-O
Qe8 9. dxe5 dxe5 10. Nd2 c6 11. a3 Be6 12. b4 Nd7 13. Nb3 f5 14. f3 Qf7 15. Na5
Nb6 16. b5 Rad8 17. Qc2 Nb8 18. Na4 Nxc4 19. Bxc4 Bxc4 20. Qxc4 Qxc4 21. Nxc4
cxb5 22. Bc5 Rf7 23. Nd6 Rfd7 24. Nxb5 a6 25. Nb6 axb5 26. Nxd7 Nxd7 27. Rfd1
Bf6 28. Bb4 Kf7 29. Rd5 1-0

[Event "XI Festival A"]
[Site "Verona ITA"]
[Date "2005.01.03"]
[Round "2"]
[White "Bertani, Gianfranco"]
[Black "Esposito, Luca"]
[Result "0-1"]
[WhiteElo "2123"]
[BlackElo "2212"]
[PlyCount "104"]
[EventDate "2005.01.02"]

1. Nf3 c5 2. b3 Nf6 3. Bb2 g6 4. Bxf6 exf6 5. c4 Bg7 6. Nc3 f5 7. e3 O-O 8. Be2
Nc6 9. O-O Ne7 10. d4 d5 11. Rc1 dxc4 12. bxc4 f4 13. d5 fxe3 14. fxe3 Nf5 15.
Qd3 Bh6 16. e4 Bxc1 17. Rxc1 Ng7 18. Qe3 Bg4 19. Re1 Bxf3 20. Bxf3 Qd6 21. Rb1
Qc7 22. Rd1 Qe5 23. Rd3 b6 24. Bd1 f5 25. Qg5 Rae8 26. Bf3 fxe4 27. Qxe5 Rxe5
28. Nxe4 Nf5 29. d6 Nd4 30. d7 Kg7 31. Nd6 Rd8 32. Bg4 Re7 33. Ne8+ Kf8 34. Nf6
h5 35. Bh3 Kg7 36. Nd5 Re1+ 37. Kf2 Re2+ 38. Kg3 Re4 39. Nf4 h4+ 40. Kg4 Rxd7
41. g3 hxg3 42. hxg3 Rde7 43. Bg2 Re3 44. Rd2 Nf5 45. Nd5 Rxg3+ 46. Kf4 Rf7 47.
Be4 Nd6+ 48. Ke5 Nxe4 49. Kxe4 Rg4+ 50. Ke5 Rf5+ 51. Kd6 Rxc4 52. Kc6 Rd4 0-1

[Event "XI Festival A"]
[Site "Verona ITA"]
[Date "2005.01.03"]
[Round "2"]
[White "Borgo, Giulio"]
[Black "Caruso, Augusto"]
[Result "1-0"]
[WhiteElo "2381"]
[BlackElo "2214"]
[PlyCount "79"]
[EventDate "2005.01.02"]

1. e4 d5 2. exd5 Nf6 3. Bb5+ Bd7 4. Be2 Nxd5 5. d4 g6 6. c4 Nf6 7. Bf3 c6 8.
Nc3 Bg7 9. h3 Qa5 10. Nge2 O-O 11. Bf4 Nh5 12. Bh2 e5 13. Bxe5 Bxe5 14. dxe5
Qxe5 15. O-O Be6 16. Re1 Nf4 17. Nd4 Qc7 18. Re4 Bxc4 19. Qd2 Ne6 20. Qh6 Nxd4
21. Rxd4 Be6 22. Re1 Bf5 23. Rh4 f6 24. g4 Bd3 25. Nd5 Qg7 26. Re7 Qxh6 27.
Rxh6 Rf7 28. Rxf7 Kxf7 29. Rxh7+ Kg8 30. Nxf6+ Kf8 31. g5 Bc4 32. Rxb7 Na6 33.
b3 Be6 34. Bxc6 Rd8 35. Rxa7 Nb4 36. Nh7+ Kg8 37. Nf6+ Kf8 38. Bd7 Bxd7 39.
Nxd7+ Ke8 40. Ne5 1-0

[Event "XI Festival A"]
[Site "Verona ITA"]
[Date "2005.01.03"]
[Round "2"]
[White "Buchicchio, Giampaolo"]
[Black "Stojanovic, Mihajlo"]
[Result "0-1"]
[WhiteElo "2288"]
[BlackElo "2515"]
[PlyCount "130"]
[EventDate "2005.01.02"]

1. e4 e6 2. d4 d5 3. Nc3 dxe4 4. Nxe4 Bd7 5. Nf3 Bc6 6. Bd3 Nd7 7. O-O Ngf6 8.
Qe2 Bxe4 9. Bxe4 Nxe4 10. Qxe4 c6 11. c4 Be7 12. b3 O-O 13. Bb2 a5 14. Bc3 a4
15. Nd2 Nf6 16. Qf3 Qb6 17. b4 Qa6 18. a3 b5 19. Rac1 Rfd8 20. Rc2 Ne8 21. Ne4
Nd6 22. Nc5 Qc8 23. d5 Nxc4 24. dxe6 fxe6 25. Qg3 Bf8 26. Re1 e5 27. Bxe5 Qf5
28. Rce2 Qg6 29. Qc3 Rd5 30. Bd4 Bxc5 31. Bxc5 Rd3 32. Qc1 Rad8 33. Be7 R8d7
34. Qf4 h6 35. h4 Rd1 36. Qf8+ Kh7 37. Kh2 Rxe1 38. Rxe1 Nxa3 39. Re3 Rd3 40.
Re5 Nc4 41. Rf5 Rd5 42. Rf6 gxf6 43. Bxf6 Qg8 44. Qe7+ Kg6 45. g4 h5 46. Bg5
Rxg5 47. Qxg5+ Kf7 48. Qf5+ Ke7 49. g5 Qe6 50. Qh7+ Kd6 51. g6 Qf5 52. Qh6
Qxf2+ 53. Kh3 Qf3+ 54. Kh2 Qf2+ 55. Kh3 Qf5+ 56. Kh2 Qf6 57. Qxh5 Ne5 58. Qd1+
Kc7 59. h5 Qh4+ 60. Kg2 Qg4+ 61. Qxg4 Nxg4 62. Kg3 Nh6 63. Kf4 a3 64. Kg5 Ng8
65. h6 Nxh6 0-1

[Event "XI Festival A"]
[Site "Verona ITA"]
[Date "2005.01.03"]
[Round "2"]
[White "Danieli, Enrico"]
[Black "Luther, Thomas"]
[Result "0-1"]
[WhiteElo "2150"]
[BlackElo "2543"]
[PlyCount "58"]
[EventDate "2005.01.02"]

1. d4 Nf6 2. Nf3 g6 3. Nc3 Bg7 4. e4 d6 5. Be2 O-O 6. O-O c5 7. dxc5 dxc5 8.
Be3 b6 9. Qxd8 Rxd8 10. Rad1 Nc6 11. Rxd8+ Nxd8 12. Rd1 Bb7 13. e5 Ng4 14. Bf4
Ne6 15. Bg3 Nh6 16. Nd5 Nf5 17. c4 Rd8 18. Kf1 Kf8 19. b3 g5 20. h4 g4 21. Ng5
Nxg5 22. hxg5 Nxg3+ 23. fxg3 Bxe5 24. Bxg4 Bxg3 25. Rd3 Bh4 26. Rh3 Bxg5 27.
Rxh7 e6 28. Bh5 Rd7 29. Nc3 Kg8 0-1

[Event "XI Festival A"]
[Site "Verona ITA"]
[Date "2005.01.03"]
[Round "2"]
[White "De Santis, Alessio"]
[Black "Astengo, Corrado"]
[Result "1/2-1/2"]
[WhiteElo "2293"]
[BlackElo "2139"]
[PlyCount "49"]
[EventDate "2005.01.02"]

1. d4 d5 2. c4 c6 3. Nc3 Nf6 4. e3 a6 5. Bd3 b5 6. cxd5 cxd5 7. f3 Bb7 8. Nge2
e6 9. O-O Be7 10. Kh1 Nbd7 11. a3 O-O 12. g4 h6 13. Ng3 e5 14. Bd2 Re8 15. Rc1
Bf8 16. Bb1 Rc8 17. Nce2 Qb6 18. Rxc8 Rxc8 19. dxe5 Nxe5 20. Nd4 Re8 21. Bc1
Nc4 22. Qd3 Ne5 23. Qd1 Nc4 24. Qd3 Ne5 25. Qd1 1/2-1/2

[Event "XI Festival A"]
[Site "Verona ITA"]
[Date "2005.01.03"]
[Round "2"]
[White "Delizia, Costantino"]
[Black "Guido, Flavio"]
[Result "0-1"]
[WhiteElo "2152"]
[BlackElo "2342"]
[PlyCount "98"]
[EventDate "2005.01.02"]

1. e4 c5 2. c3 Qa5 3. Nf3 e6 4. Na3 d5 5. exd5 exd5 6. Bb5+ Nc6 7. Ne5 Qc7 8.
O-O Bd6 9. d4 Nge7 10. Bf4 O-O 11. Bd3 a6 12. Re1 Nf5 13. Bxf5 Bxf5 14. Nxc6
bxc6 15. Bxd6 Qxd6 16. Nc2 Rab8 17. b3 Rfe8 18. Qd2 h6 19. Rxe8+ Rxe8 20. Re1
Rxe1+ 21. Nxe1 cxd4 22. cxd4 Qa3 23. h3 Bb1 24. Nd3 Bxd3 25. Qxd3 Qxa2 26. Qc3
g6 27. Qxc6 Qxb3 28. Qe8+ Kg7 29. Qe5+ Kh7 30. Qf6 Qb1+ 31. Kh2 Qf5 32. Qxa6
Qf4+ 33. Kg1 Qxd4 34. Qd6 Kg7 35. h4 Qe4 36. h5 gxh5 37. Qg3+ Kh7 38. f3 Qe3+
39. Kf1 d4 40. Qc7 Kg6 41. Qd6+ Kg7 42. Qg3+ Qg5 43. Qd6 Qf6 44. Qg3+ Kh7 45.
f4 Qa6+ 46. Ke1 Qa1+ 47. Ke2 Qb2+ 48. Kd1 Qc3 49. Qxc3 dxc3 0-1

[Event "XI Festival A"]
[Site "Verona ITA"]
[Date "2005.01.03"]
[Round "2"]
[White "Facchetti, Gianni"]
[Black "Schiraldi, Mauro"]
[Result "1-0"]
[WhiteElo "2162"]
[BlackElo "2055"]
[PlyCount "71"]
[EventDate "2005.01.02"]

1. e4 c6 2. d4 d5 3. f3 g6 4. c3 Bg7 5. e5 e6 6. Bd3 c5 7. Ne2 Qb6 8. Na3 cxd4
9. cxd4 a6 10. f4 Nc6 11. Nc2 Bd7 12. O-O Nge7 13. Kh1 Rc8 14. b3 Nb4 15. Nxb4
Qxb4 16. a4 Qb6 17. Ba3 Nc6 18. Bc5 Qd8 19. Qd2 Bf8 20. Bxf8 Kxf8 21. b4 Qb6
22. b5 Na5 23. f5 gxf5 24. Qh6+ Ke8 25. Rxf5 Rf8 26. Rf3 axb5 27. axb5 Bxb5 28.
Bxb5+ Qxb5 29. Ng3 Nc6 30. Rc1 Qb2 31. Rfc3 Qf2 32. Nh5 Qxd4 33. Nf6+ Ke7 34.
Qg5 Ra8 35. Nxd5+ Kd7 36. Rxc6 1-0

[Event "XI Festival A"]
[Site "Verona ITA"]
[Date "2005.01.03"]
[Round "2"]
[White "Godena, Michele"]
[Black "Shytaj, Luca"]
[Result "1/2-1/2"]
[WhiteElo "2544"]
[BlackElo "2341"]
[PlyCount "109"]
[EventDate "2005.01.02"]

1. e4 c5 2. Nf3 d6 3. Bc4 e6 4. O-O Nf6 5. Re1 Nbd7 6. d3 Be7 7. Bb3 O-O 8.
Nbd2 b6 9. Nf1 Bb7 10. Ng3 Qc7 11. c3 Rac8 12. d4 Rfd8 13. d5 exd5 14. exd5 Bf8
15. c4 g6 16. a4 a6 17. Bc2 Re8 18. Bd2 Bg7 19. Bc3 b5 20. b3 Rxe1+ 21. Qxe1
Re8 22. Qd2 Bc8 23. h3 b4 24. Bb2 Nh5 25. Bxg7 Nxg7 26. Qh6 f6 27. h4 Ne5 28.
Nxe5 Rxe5 29. f4 Re3 30. Kh2 Rc3 31. Ne4 Rxc2 32. Nxf6+ Kf7 33. Nxh7 Bf5 34.
Re1 Qc8 35. Ng5+ Kf6 36. Nh7+ Kf7 37. Ng5+ Kf6 38. h5 Nxh5 39. Nh7+ Kf7 40.
Ng5+ Kf6 41. Ne6 Kf7 42. Qh7+ Kf6 43. Ng5 Qf8 44. Ne6 Qc8 45. Nd4 Ng7 46. Qh4+
Kf7 47. Nxc2 Bxc2 48. Qe7+ Kg8 49. Qxd6 Qg4 50. Qd8+ Kh7 51. Qf6 Nf5 52. Re7+
Nxe7 53. Qxe7+ Kh6 54. Qf8+ Kh7 55. Qf7+ 1/2-1/2

[Event "XI Festival A"]
[Site "Verona ITA"]
[Date "2005.01.03"]
[Round "2"]
[White "Lazic, Miroljub"]
[Black "Salvador, Roland"]
[Result "1-0"]
[WhiteElo "2517"]
[BlackElo "2340"]
[PlyCount "65"]
[EventDate "2005.01.02"]

1. Nf3 d5 2. b3 Nf6 3. Bb2 c5 4. e3 g6 5. Bb5+ Bd7 6. Bxd7+ Nbxd7 7. c4 Nb6 8.
Qc2 Bg7 9. O-O dxc4 10. bxc4 O-O 11. a4 Rc8 12. a5 Nbd7 13. a6 b6 14. Na3 Nb8
15. Nb5 Nc6 16. Rfd1 Qd7 17. Bc3 Rfd8 18. d4 cxd4 19. exd4 Ne8 20. Rac1 Bh6 21.
d5 Bxc1 22. Rxc1 Qg4 23. Be1 Nb8 24. Nxa7 Nxa6 25. Ne5 Qg5 26. Nec6 Rxc6 27.
Nxc6 Rd7 28. Bd2 Qh5 29. Re1 Kf8 30. Qb2 f6 31. Qxb6 Nac7 32. Bb4 Qg4 33. Nb8
1-0